Ekayi dekayi tunayi

Saved in:
Bibliographic Details
Main Author: Abhyaweera, Sunil
Format: Book
Published: Moskav Pragati Prakasaka Mandiraya 19-
Tags: Add Tag
No Tags, Be the first to tag this record!

MARC

LEADER 00000nam a2200000 a 4500
082 |a 372.642 
100 |a Abhyaweera, Sunil 
245 |a Ekayi dekayi tunayi 
260 |a Moskav  |b Pragati Prakasaka Mandiraya  |c 19- 
300 |a ill 29cm. 
942 |c AFW 
999 |c 63640  |d 63640